000 00185 a2200097 4500
020 _a9780451221780
041 _aeng
100 _aByerrum, Ellen
245 _aGrave Apparel
942 _cBK
999 _c31541
_d31539